[Event "Drammen CC-ch"]
[Site "Drammen"]
[Date "2014.02.04"]
[Round "3"]
[White "Emgard, Runar"]
[Black "Slettehaug, Roar"]
[Result "1/2-1/2"]
[WhiteElo "1414"]
[BlackElo "1609"]
[PlyCount "108"]
[EventDate "2014.01.14"]
[EventType "swiss"]
[EventRounds "9"]
[EventCountry "NOR"]
[SourceTitle "EXT 2024"]
[Source "ChessBase"]
[SourceDate "2023.10.10"]
[SourceVersion "1"]
[SourceVersionDate "2023.10.10"]
[SourceQuality "1"]

1. Nf3 c5 2. g3 Nc6 3. Bg2 g6 4. 0-0 Bg7 5. c3 Qb6 6. e4 d6 7. d3 Bg4 8. h3 Bd7 9. Qe2 e6 10. Nbd2 Nge7 11. Nc4 Qc7 12. a4 0-0 13. Re1 Rae8 14. e5 dxe5 15. Nfxe5 Nd5 16. f4 Nce7 17. Bd2 Nf5 18. g4 Nd6 19. Nxd6 Qxd6 20. c4 Ne7 21. Bc3 Bc6 22. a5 Bxg2 23. Kxg2 Nc6 24. Nxc6 Qxc6+ 25. Qe4 Rc8 26. Bxg7 Kxg7 27. Kg3 Rfd8 28. Qe5+ Kf8 29. Re3 Rd4 30. b4 b6 31. axb6 axb6 32. bxc5 bxc5 33. Rb1 Rcd8 34. Rb8 Rxb8 35. Qxb8+ Kg7 36. g5 Qd6 37. Qxd6 Rxd6 38. Kf3 Rd4 39. Kg4 h6 40. h4 h5+ 41. Kf3 Kf8 42. Kg3 Ke7 43. Rf3 Kd6 44. Kf2 Kc6 45. Ke3 Kd6 46. Rf1 Ke7 47. Ra1 Rd7 48. Ra5 Rc7 49. Ke4 f6 50. Rb5 Kf7 51. d4 cxd4 52. Kxd4 Rd7+ 53. Ke4 Rc7 54. Kd4 Rd7+ 1/2-1/2

[Event "Drammen CC-ch"]
[Site "Drammen"]
[Date "2014.01.21"]
[Round "2"]
[White "Slettehaug, Roar"]
[Black "Jorgensen, Terje"]
[Result "1-0"]
[WhiteElo "1609"]
[BlackElo "608"]
[PlyCount "49"]
[EventDate "2014.01.14"]
[EventType "swiss"]
[EventRounds "9"]
[EventCountry "NOR"]
[SourceTitle "EXT 2024"]
[Source "ChessBase"]
[SourceDate "2023.10.10"]
[SourceVersion "1"]
[SourceVersionDate "2023.10.10"]
[SourceQuality "1"]

1. e4 c5 2. Nf3 Nc6 3. d4 e6 4. d5 exd5 5. exd5 Nd4 6. Nxd4 cxd4 7. Qxd4 b6 8. d6 Nf6 9. Qe5+ Be7 10. dxe7 Qxe7 11. Qxe7+ Kxe7 12. Bg5 Re8 13. f3 Kf8+ 14. Kf2 Nh5 15. Nc3 Bb7 16. Bc4 h6 17. Be3 Rad8 18. Rad1 Nf6 19. Rd6 Ke7 20. Rhd1 Bc6 21. Ne2 b5 22. Bb3 a5 23. Bc5 Nd5 24. Bxd5 Bxd5 25. R6xd5+ 1-0

[Event "Drammen CC-ch Class1"]
[Site "Drammen"]
[Date "2012.03.13"]
[Round "6"]
[White "Mather, Robert"]
[Black "Slettehaug, Roar"]
[Result "0-1"]
[WhiteElo "1303"]
[BlackElo "1665"]
[PlyCount "42"]
[EventDate "2012.01.17"]
[EventType "swiss"]
[EventRounds "9"]
[EventCountry "NOR"]
[SourceTitle "EXT 2024"]
[Source "ChessBase"]
[SourceDate "2023.10.10"]
[SourceVersion "1"]
[SourceVersionDate "2023.10.10"]
[SourceQuality "1"]

1. d4 Nf6 2. c4 e5 3. dxe5 Ne4 4. a3 d6 5. exd6 Bxd6 6. Nd2 Qe7 7. Nxe4 Qxe4 8. e3 Bf5 9. Nf3 Nc6 10. Be2 0-0-0 11. Qb3 g5 12. 0-0 h5 13. Nxg5 Qe7 14. c5 Bxh2+ 15. Kxh2 Qxg5 16. Bf3 Qh4+ 17. Kg1 Be6 18. Qb5 a6 19. Qe2 Bc4 20. Qe1 Ne5 21. Be2 Ng4 0-1

[Event "Drammen CC-ch Class1"]
[Site "Drammen"]
[Date "2012.01.17"]
[Round "3"]
[White "Slettehaug, Roar"]
[Black "Brokke, Otto"]
[Result "1-0"]
[WhiteElo "1665"]
[BlackElo "1486"]
[PlyCount "51"]
[EventDate "2012.01.17"]
[EventType "swiss"]
[EventRounds "9"]
[EventCountry "NOR"]
[SourceTitle "EXT 2024"]
[Source "ChessBase"]
[SourceDate "2023.10.10"]
[SourceVersion "1"]
[SourceVersionDate "2023.10.10"]
[SourceQuality "1"]

1. e4 c5 2. Nf3 Nc6 3. c3 a6 4. d4 cxd4 5. cxd4 e6 6. Nc3 Qb6 7. Bc4 Bb4 8. 0-0 Bxc3 9. bxc3 Nf6 10. Qe2 0-0 11. Bg5 Ne8 12. d5 exd5 13. exd5 Na5 14. Be7 Nd6 15. Bxf8 Kxf8 16. Bd3 h6 17. Rab1 Qc5 18. Rfe1 g6 19. Bxg6 fxg6 20. Qe7+ Kg8 21. Qd8+ Kg7 22. Re7+ Nf7 23. Ne5 Kf6 24. Re6+ Kg7 25. Rxg6+ Kh7 26. Qg8# 1-0

[Event "Drammen CC-ch Master"]
[Site "Drammen"]
[Date "2011.01.11"]
[Round "1"]
[White "Egede Nissen, Bjorn"]
[Black "Slettehaug, Roar"]
[Result "1-0"]
[WhiteElo "1873"]
[BlackElo "1663"]
[PlyCount "43"]
[EventDate "2011.01.11"]
[EventType "tourn"]
[EventRounds "7"]
[EventCountry "NOR"]
[SourceTitle "EXT 2024"]
[Source "ChessBase"]
[SourceDate "2023.10.10"]
[SourceVersion "1"]
[SourceVersionDate "2023.10.10"]
[SourceQuality "1"]

1. e4 c5 2. Nf3 Nc6 3. d4 cxd4 4. Nxd4 g6 5. Nc3 Bg7 6. Be3 Nf6 7. Bc4 0-0 8. f3 Qb6 9. Qd2 Nxe4 10. Nxe4 Bxd4 11. Bh6 Rd8 12. Bb3 d5 13. Nc3 e6 14. 0-0-0 a6 15. h4 Qc7 16. h5 b5 17. hxg6 fxg6 18. Bg5 Rf8 19. Nxd5 Qe5 20. Rde1 Qf5 21. Nc7 Na5 22. Nxa8 1-0

[Event "Drammen Autumn"]
[Site "Drammen"]
[Date "2010.11.23"]
[Round "8"]
[White "Slettehaug, Roar"]
[Black "Brokke, Otto"]
[Result "1-0"]
[WhiteElo "1679"]
[BlackElo "1386"]
[PlyCount "63"]
[EventDate "2010.09.07"]
[EventType "swiss"]
[EventRounds "9"]
[EventCountry "NOR"]
[SourceTitle "EXT 2024"]
[Source "ChessBase"]
[SourceDate "2023.10.10"]
[SourceVersion "1"]
[SourceVersionDate "2023.10.10"]
[SourceQuality "1"]

1. e4 c5 2. Nf3 Nc6 3. d4 cxd4 4. Nxd4 a6 5. Bc4 e5 6. Nf3 Nf6 7. Nc3 Bb4 8. Bd2 d6 9. Qe2 Bg4 10. 0-0-0 b5 11. Bd5 Nd4 12. Qd3 Ra7 13. Nxd4 exd4 14. Bc6+ Bd7 15. Bxd7+ Nxd7 16. Qxd4 Bc5 17. Qxg7 Qf6 18. Qg4 Ne5 19. Qc8+ Qd8 20. Qf5 Qd7 21. Qf6 Rg8 22. Nd5 Qe6 23. Qh4 Rg6 24. Qxh7 Bxf2 25. Rhf1 Rxg2 26. Rxf2 Rxf2 27. Be3 Rxc2+ 28. Kxc2 Rb7 29. Bg5 Ng6 30. Qg8+ Nf8 31. Nf6+ Ke7 32. Nh7+ 1-0

[Event "Drammen Autumn"]
[Site "Drammen"]
[Date "2010.11.02"]
[Round "5"]
[White "Edvardsen, Oystein"]
[Black "Slettehaug, Roar"]
[Result "0-1"]
[WhiteElo "1404"]
[BlackElo "1679"]
[PlyCount "52"]
[EventDate "2010.09.07"]
[EventType "swiss"]
[EventRounds "9"]
[EventCountry "NOR"]
[SourceTitle "EXT 2024"]
[Source "ChessBase"]
[SourceDate "2023.10.10"]
[SourceVersion "1"]
[SourceVersionDate "2023.10.10"]
[SourceQuality "1"]

1. e4 c5 2. f4 Nc6 3. Nf3 g6 4. Bc4 d6 5. 0-0 Bg7 6. c3 Nf6 7. e5 Ng4 8. Ng5 d5 9. e6 Nh6 10. Nxf7 Nxf7 11. exf7+ Kxf7 12. f5 Ke8 13. Bd3 Qd6 14. Na3 a6 15. Bc2 Bd7 16. d4 cxd4 17. fxg6 hxg6 18. Bf4 Be5 19. Bxe5 Nxe5 20. Qxd4 Rxh2 21. Rf8+ Kxf8 22. Qf4+ Kg7 23. Qxh2 Qc5+ 24. Kf1 Rf8+ 25. Ke2 Qf2+ 26. Kd1 Bg4+ 0-1

[Event "Drammen Autumn"]
[Site "Drammen"]
[Date "2010.09.07"]
[Round "1"]
[White "Stefansson, Ingthor"]
[Black "Slettehaug, Roar"]
[Result "1-0"]
[WhiteElo "1851"]
[BlackElo "1679"]
[PlyCount "37"]
[EventDate "2010.09.07"]
[EventType "swiss"]
[EventRounds "9"]
[EventCountry "NOR"]
[SourceTitle "EXT 2024"]
[Source "ChessBase"]
[SourceDate "2023.10.10"]
[SourceVersion "1"]
[SourceVersionDate "2023.10.10"]
[SourceQuality "1"]

1. b4 d5 2. Bb2 Bf5 3. Nf3 Nf6 4. e3 Nbd7 5. Be2 e6 6. a3 Bd6 7. 0-0 c6 8. d3 Qc7 9. h3 h6 10. Nbd2 0-0-0 11. c4 g5 12. Qa4 g4 13. hxg4 Bxg4 14. Qxa7 Ne5 15. c5 Bxf3 16. cxd6 Qxd6 17. Nxf3 Nfg4 18. Nxe5 Nxe5 19. f4 1-0

[Event "NOR-chT Clubs"]
[Site "Bekkestua"]
[Date "2009.10.23"]
[Round "3"]
[White "Pronstad, Thomas"]
[Black "Slettehaug, Roar"]
[Result "1/2-1/2"]
[WhiteElo "1854"]
[BlackElo "1657"]
[PlyCount "44"]
[EventDate "2009.10.23"]
[EventType "team-swiss"]
[EventRounds "6"]
[EventCountry "NOR"]
[SourceTitle "EXT 2012"]
[Source "ChessBase"]
[SourceDate "2011.11.24"]
[SourceVersion "1"]
[SourceVersionDate "2011.11.24"]
[SourceQuality "1"]

1. Nf3 Nf6 2. c4 g6 3. Nc3 Bg7 4. e4 d6 5. d4 0-0 6. Be2 c5 7. 0-0 cxd4 8. Nxd4 Qb6 9. Ndb5 Nc6 10. Be3 Qd8 11. Rc1 a6 12. Nd4 Bd7 13. Qd2 Ng4 14. Nxc6 bxc6 15. Bg5 Be5 16. h3 Nf6 17. Bf3 Qc8 18. Bf4 Bxh3 19. Bxe5 dxe5 20. gxh3 Qxh3 21. Be2 Ng4 22. Bxg4 Qxg4+ 1/2-1/2

[Event "Drammen Autumn"]
[Site "Drammen"]
[Date "2009.10.06"]
[Round "4"]
[White "Slettehaug, Roar"]
[Black "Dawar, Emal"]
[Result "1-0"]
[WhiteElo "1657"]
[BlackElo "1427"]
[PlyCount "93"]
[EventDate "2009.09.08"]
[EventType "swiss"]
[EventRounds "9"]
[EventCountry "NOR"]
[SourceTitle "EXT 2024"]
[Source "ChessBase"]
[SourceDate "2023.10.10"]
[SourceVersion "1"]
[SourceVersionDate "2023.10.10"]
[SourceQuality "1"]

1. e4 c5 2. b4 e5 3. Bb2 Nc6 4. b5 Nd4 5. c3 Ne6 6. Bc4 d6 7. Ne2 Be7 8. 0-0 g5 9. Na3 Nf6 10. d3 Nf4 11. Nc2 Bg4 12. f3 Bd7 13. Qd2 h5 14. a4 h4 15. Ne3 N6h5 16. Nd5 Nxe2+ 17. Qxe2 Nf4 18. Qd2 Be6 19. Rae1 Bxd5 20. Bxd5 Nxd5 21. exd5 Qa5 22. Qc2 Rc8 23. d4 cxd4 24. Qf5 0-0 25. cxd4 Qd2 26. Bc1 Rxc1 27. Rxc1 Qxd4+ 28. Kh1 Qxa4 29. Rc7 Bd8 30. Rd7 Qf4 31. Qxf4 gxf4 32. Rxd6 f6 33. Rc1 Bb6 34. Rd7 Rf7 35. Rc8+ Kg7 36. Rxf7+ Kxf7 37. Rh8 Ke7 38. Rxh4 Kd6 39. Rh6 Kxd5 40. Rxf6 Kc5 41. h4 Kxb5 42. h5 Bd4 43. h6 e4 44. Rf5+ Kc4 45. fxe4 a5 46. Rxa5 b5 47. Ra8 1-0

[Event "Drammen Autumn"]
[Site "Drammen"]
[Date "2009.09.15"]
[Round "2"]
[White "Slettehaug, Roar"]
[Black "Brokke, Otto"]
[Result "1-0"]
[WhiteElo "1657"]
[BlackElo "1386"]
[PlyCount "45"]
[EventDate "2009.09.08"]
[EventType "swiss"]
[EventRounds "9"]
[EventCountry "NOR"]
[SourceTitle "EXT 2024"]
[Source "ChessBase"]
[SourceDate "2023.10.10"]
[SourceVersion "1"]
[SourceVersionDate "2023.10.10"]
[SourceQuality "1"]

1. e4 c5 2. b4 e5 3. f4 Nc6 4. Bc4 exf4 5. Nf3 Nf6 6. d3 Qc7 7. 0-0 cxb4 8. e5 d5 9. exf6 dxc4 10. Re1+ Be6 11. dxc4 Bc5+ 12. Kh1 gxf6 13. Bb2 Rd8 14. Qe2 Nd4 15. Nxd4 Rxd4 16. Qh5 Ke7 17. c3 Rxc4 18. Nd2 Rxc3 19. Ne4 Bd4 20. Nxc3 bxc3 21. Ba3+ Kd8 22. Rad1 Qd7 23. Rxd4 1-0